书目信息 |
| 题名: |
建筑结构CAD
|
|
| 作者: | 樊江 , 杨庆丽 主编 | |
| 分册: | ||
| 出版信息: | 重庆 重庆大学出版社 2002.8 |
|
| 页数: | 188页 | |
| 开本: | 26cm | |
| 丛书名: | ||
| 单 册: | ||
| 中图分类: | TU311.41-43 | |
| 科图分类: | ||
| 主题词: | 建筑结构--理论 , 建筑结构--结构计算 | |
| 电子资源: | ||
| ISBN: | 7-5624-2385-7 | |
| 000 | 00645nam0 2200217 45 | |
| 001 | 0257825263 | |
| 005 | 2002061016034526 | |
| 010 | @a7-5624-2385-7@dRMB 16.00 | |
| 100 | @a20020610d2002 km y0chiy0120 ea | |
| 101 | 0 | @achi |
| 102 | @aCN@b420000 | |
| 200 | 1 | @a建筑结构CAD@Ajian zhu jie gou CAD@f樊江,杨庆丽主编@Ffan jiang,yang qing li zhu bian |
| 210 | @a重庆@c重庆大学出版社@d2002.8 | |
| 215 | @a188页@d26cm | |
| 606 | 0 | @a建筑结构@x理论 |
| 606 | 0 | @a建筑结构@x结构计算 |
| 690 | @aTU311.41-43@v3 | |
| 701 | 0 | @a樊江@Afan jiang@4主编 |
| 701 | 0 | @a杨庆丽@Ayang qing li@4主编 |
| 801 | 0 | @aCN@bPFT@c20020610 |
| 905 | @a10447@dTU311.41-43@eF061 | |
| 建筑结构CAD/樊江,杨庆丽主编.-重庆:重庆大学出版社,2002.8 |
| 188页;26cm |
| ISBN 7-5624-2385-7:RMB 16.00 |
| ● |
| 相关链接 |
|
|
|
正题名:建筑结构CAD
索取号:TU311.41-43/F061
 
预约/预借
| 序号 | 登录号 | 条形码 | 馆藏地/架位号 | 状态 | 备注 |
| 1 | 361688 | 203616881 | 建筑库101/101建筑库 79排2列2层/ [索取号:TU311.41-43/F061] | 在馆 | |
| 2 | 361689 | 203616890 | 建筑库101/101建筑库 79排2列2层/ [索取号:TU311.41-43/F061] | 在馆 | |
| 3 | 361690 | 203616907 | 建筑库101/101建筑库 79排2列2层/ [索取号:TU311.41-43/F061] | 在馆 |